000 00544nam a2200193Ia 4500
003 OSt
005 20221007083227.0
006 a|||||r|||| 00| 0
007 ta
008 221006b |||||||| |||| 00| 0 eng d
024 _a22,104
037 _cTheseses
040 _aFLL
_cFLL
_beng
041 _2eng
_aeng
100 _aShoogufan Abdul Mohammad
_9533514
245 0 _aConcept of the right to self-determination and the evolving international legal order
942 _cDIS
_2CC
999 _c1169301
_d1169301